Slovo o Dráme slovanskej

Rozprava o slovenskej dráme

Bibliographic Details
Main Author: Dohnány, Mikuláš, 1824-1852 (Author)
Format: Manuscript Book
Language:Slovak
PhysicalDescription:8 nečíslovaných strán rukopis, voľné listy 22 cm
Published: [Levoča] 1845
Subjects:

MARC

LEADER 00000ntmaa2200000 a 4500
001 vtls012136602
003 SK-MaSNL
005 20260301151236.0
008 230802s1845 xo || 000 1 slo
035 |a urn:nbn:sk:snk-tm00ibh2 
035 |a D61B16E4-C36A-46AE-86C7-F75F550295E2 
040 |a SNKLA  |b slo  |c SNKLA  |e AACR2 
041 0 |a slo 
044 |a xo  |c SK 
072 7 |a 821.162.4-2  |x Slovenská dráma  |2 konspekt 
080 |a 025.171  |2 2011 
080 |a (049)  |2 2011 
100 1 |a Dohnány, Mikuláš,  |d 1824-1852  |4 aut  |9 9865 
245 1 0 |a Slovo o Dráme slovanskej  |c M. z Považja 
260 |a [Levoča]  |c 1845 
300 |a 8 nečíslovaných strán  |b rukopis, voľné listy  |c 22 cm 
500 |a Autor uvedený pod pseudonymom 
520 2 |a Rozprava o slovenskej dráme 
555 0 |a Inventár rukopisov Literárneho archívu MS V. Archív Slovenského národného múzea. Fondy M 1 - 50. Martin : Matica slovenská 1974 
561 |a Okrúhla pečiatka: Museálna slovenská spoločnosť 
561 |a Okrúhla pečiatka: Matica slovenská Martin Archív literatúry a umenia 
650 0 7 |a slovenská dráma  |2 SNKPH  |9 78099 
655 7 |a rukopisy  |2 SNKPH  |9 70548 
655 7 |a rozpravy  |2 SNKPH  |9 70559 
852 |a Slovenská národná knižnica  |b Literárny archív 
958 |a MOF 
958 |a LAVD 
999 |c 786014  |d 787944 
952 |a SNKLA  |b SNKLA  |c SNKLA_DEP  |y NEVYP  |7 0  |p 17A1230355  |o snkM 39 A 5  |0 0  |1 0  |4 0  |d 2022-05-25  |f 1  |l 0  |r 2026-02-24 01:19:50  |w 2026-02-24